00277nam a2200109Ia 4500008004100000041000800041082002300049100001500072245003400087260003700121300000900158230411s9999 xx 000 0 und d aeng aN/613.2/SIN/B07294 aSingh Ruma aFood and Nutrition for Nurses bJaypee BrothersaNew Delhic2012 a314p